Tvorba marketingovej stratégie v podniku diplomová práca

Na minha lista:
Detalhes bibliográficos
Autor principal: Petruška, Lukáš
Autor Corporativo: Fakulta podnikového manažmentu EU. Katedra podnikovohospodárska
Outros Autores: Majtán, Štefan
Formato: Livro
Idioma:eslovaco
Publicado em: Bratislava 2019
Tags: Adicionar Tag
Sem tags, seja o primeiro a adicionar uma tag!

MARC

LEADER 00000nbm a2200000 4500
001 0255361
005 20191126143323.9
041 0 |a slo 
044 |a SK 
245 1 0 |a Tvorba marketingovej stratégie v podniku  |b diplomová práca  |c Lukáš Petruška ; školiteľ: Štefan Majtán 
264 1 |a Bratislava  |c 2019 
300 |a 73 s. 
100 1 |a Petruška, Lukáš 
700 1 |a Majtán, Štefan 
710 2 |a Fakulta podnikového manažmentu EU. Katedra podnikovohospodárska